Statistics for Guess the Language #1

Click here to take the quiz!

General Stats

  • This quiz has been taken 39 times
    (16 since last reset)
  • The average score is 10 of 14

Answer Stats

GreetingsLanguage% Correct
HelloEnglish
100%
BonjourFrench
100%
HolaSpanish
100%
PrivetCyrillic
93%
Ni HaoMandarin
93%
OlaPortuguese
93%
Guten TagGerman
87%
CiaoItalian
87%
HailoHindi
80%
WitajPolish
60%
Kia OraMaori
33%
ChaireteGreek
27%
TalofaSamoan
20%
NamasteNepali
13%

Score Distribution

Percentile by Number Answered

Percent of People with Each Score

Your Score History

You have not taken this quiz since the last reset